000 00453nam a22001817a 4500
003 CEME
005 20210628205328.0
008 210309b xxu||||| |||| 00| 0 eng d
020 _a0-07-049763-X
040 _c.
082 _a624 PEU'C
100 _aLedbetter, W. B Peurifoy, R. L
_974979
245 _aConstruction planning equipment and methods
250 _a4TH
260 _aNEWYORK
_bMCGRAW HILL
_c1985
300 _a683P
942 _cBK
_2ddc
999 _c580480
_d580480